000 00211nam a22000857a 4500
008 170128b xxu||||| |||| 00| 0 eng d
100 _92617
_aGupta.G
245 _aThe World Arount me-2
260 _aNew Delhi
_bGRB
_c2012
999 _c5754
_d5754